[Event "NED-chT Cup"]
[Site "Oosterhout"]
[Date "2025.05.29"]
[Round "1.2"]
[White "Smeets, Kobe"]
[Black "Kroeze, Frank"]
[Result "1-0"]
[WhiteElo "2347"]
[BlackElo "2375"]
[PlyCount "85"]
[EventDate "2025.05.29"]
[EventType "team-k.o."]
[EventRounds "2"]
[EventCountry "NED"]
[SourceTitle "CB23_2025"]
[SourceDate "2025.06.04"]
[SourceVersion "1"]
[SourceVersionDate "2025.06.04"]
[SourceQuality "1"]
[WhiteTeam "Paul Keres"]
[BlackTeam "Max Euwe"]
[WhiteTeamCountry "NED"]
[BlackTeamCountry "NED"]

1. e4 c6 2. d4 d5 3. e5 c5 4. dxc5 e6 5. a3 Bxc5 6. Qg4 Ne7 7. Nf3 Ng6 8. h4 h5 9. Qg3 Nc6 10. Bd3 Nce7 11. Bg5 0-0 12. Nc3 Bd7 13. Ne2 Qe8 14. b4 Bb6 15. 0-0 Nf5 16. Bxf5 exf5 17. Nf4 Nxf4 18. Bxf4 Qe6 19. Rad1 Rac8 20. Ng5 Qg6 21. Rxd5 Be6 22. Rd2 Rc4 23. Rfd1 Re8 24. Qf3 Rc6 25. a4 a6 26. b5 axb5 27. axb5 Rc4 28. Qxb7 Ba5 29. Qe7 Rcc8 30. Qd6 Bxd2 31. Rxd2 Rb8 32. b6 Bc4 33. Qxg6 fxg6 34. Rd6 Red8 35. Rxg6 Bf7 36. Rc6 Be8 37. Rc7 Rxb6 38. e6 Rdb8 39. Be5 R6b7 40. Rf7 Rb1+ 41. Kh2 R8b7 42. Rxf5 R7b5 43. e7 1-0

[Event "Oberliga Nord W 2324"]
[Site "Germany"]
[Date "2023.12.03"]
[Round "3.1"]
[White "Cebulla, Konstantin"]
[Black "Kroeze, Frank"]
[Result "0-1"]
[WhiteElo "2094"]
[BlackElo "2392"]
[PlyCount "108"]
[EventDate "2023.10.22"]
[EventType "team-tourn"]
[EventRounds "9"]
[EventCountry "GER"]
[SourceTitle "EXT 2025"]
[Source "ChessBase"]
[SourceDate "2024.10.14"]
[SourceVersion "1"]
[SourceVersionDate "2024.10.14"]
[SourceQuality "1"]
[WhiteTeam "Braunschweig Gliesmarode"]
[BlackTeam "Nordhorn Blanke"]
[WhiteTeamCountry "GER"]
[BlackTeamCountry "GER"]

1. d4 d5 2. c4 dxc4 3. Nf3 c5 4. e3 cxd4 5. Bxc4 Nf6 6. 0-0 Nc6 7. Nxd4 Bd7 8. Qb3 e6 9. Qxb7 Na5 10. Qa6 Nxc4 11. Qxc4 Rc8 12. Qb3 Bd6 13. Nc3 0-0 14. e4 Qa5 15. Nf3 Bc6 16. Bd2 Qh5 17. Rfe1 Nd7 18. Rad1 Nc5 19. Qc4 Bb7 20. e5 Bxf3 21. exd6 Bxd1 22. Rxd1 Rfd8 23. Bf4 Nd7 24. Qd3 Qg4 25. Bg3 Qc4 26. Kf1 f6 27. Ke2 Kf7 28. f3 a6 29. Bf2 Qxd3+ 30. Rxd3 Rc6 31. f4 e5 32. f5 Rb8 33. b3 Rbc8 34. Kd2 e4 35. Nxe4 Rc2+ 36. Ke3 Re8 37. Rd4 g6 38. g4 gxf5 39. gxf5 Re5 40. Kf4 Rxa2 41. Bh4 Raa5 42. Nxf6 Rxf5+ 43. Ke3 Rxf6 44. Bxf6 Kxf6 45. Rh4 h5 46. Rc4 Ke6 47. b4 Rb5 48. Rc6 Nb6 49. d7+ Kxd7 50. Rh6 Nd5+ 51. Kd4 Nxb4 52. Kc4 Nc6 53. Rh7+ Kd6 54. Rh6+ Kc7 0-1

[Event "Oberliga Nord W 2324"]
[Site "Germany"]
[Date "2023.11.19"]
[Round "2.1"]
[White "Kroeze, Frank"]
[Black "Bode, Wilfried"]
[Result "1/2-1/2"]
[WhiteElo "2386"]
[BlackElo "2338"]
[PlyCount "44"]
[EventDate "2023.10.22"]
[EventType "team-tourn"]
[EventRounds "9"]
[EventCountry "GER"]
[SourceTitle "EXT 2025"]
[Source "ChessBase"]
[SourceDate "2024.10.14"]
[SourceVersion "1"]
[SourceVersionDate "2024.10.14"]
[SourceQuality "1"]
[WhiteTeam "Nordhorn Blanke"]
[BlackTeam "Hameln"]
[WhiteTeamCountry "GER"]
[BlackTeamCountry "GER"]

1. e4 e5 2. Nf3 Nc6 3. d4 exd4 4. Nxd4 Nf6 5. Nxc6 bxc6 6. Nd2 Bc5 7. Nb3 Nxe4 8. Nxc5 Nxc5 9. Be3 Ne6 10. Bd3 0-0 11. Qh5 g6 12. Qf3 d5 13. 0-0-0 f5 14. Bh6 Rf7 15. h4 Qf6 16. Bd2 Nd4 17. Qf4 Ne6 18. Qa4 Nc5 19. Qa3 Ne4 20. Bxe4 fxe4 21. Be3 Qd6 22. Qc3 Bg4 1/2-1/2

[Event "Oberliga Nord W 2324"]
[Site "Germany"]
[Date "2023.10.22"]
[Round "1.1"]
[White "Gronde, Ingo"]
[Black "Kroeze, Frank"]
[Result "0-1"]
[WhiteElo "2320"]
[BlackElo "2381"]
[PlyCount "82"]
[EventDate "2023.10.22"]
[EventType "team-tourn"]
[EventRounds "9"]
[EventCountry "GER"]
[SourceTitle "EXT 2025"]
[Source "ChessBase"]
[SourceDate "2024.10.14"]
[SourceVersion "1"]
[SourceVersionDate "2024.10.14"]
[SourceQuality "1"]
[WhiteTeam "Hellern"]
[BlackTeam "Nordhorn Blanke"]
[WhiteTeamCountry "GER"]
[BlackTeamCountry "GER"]

1. c4 c6 2. Nf3 d5 3. g3 dxc4 4. Bg2 b5 5. 0-0 Bb7 6. b3 cxb3 7. Qxb3 e6 8. Bb2 Nd7 9. Rc1 Ngf6 10. Nd4 Nc5 11. Qc2 Qb6 12. d3 Rc8 13. Nd2 Na4 14. Rab1 Nxb2 15. Qxb2 Be7 16. a4 b4 17. a5 Qa6 18. N4b3 c5 19. Nc4 Bxg2 20. Kxg2 0-0 21. e4 Rfd8 22. Qe2 Ne8 23. Qe3 Nc7 24. Nb2 Nb5 25. Nxc5 Bxc5 26. Rxc5 Qxa5 27. Nc4 Qa4 28. Rxc8 Rxc8 29. Qe1 Nc3 30. Ra1 Qd7 31. Qe3 Nb5 32. Ra6 h6 33. h4 b3 34. Qe2 Qd4 35. Ra5 Rc5 36. Ra6 Qc3 37. e5 Rd5 38. Rc6 Qxd3 39. Rc8+ Kh7 40. Qh5 Qe4+ 41. Kh2 g6 0-1

[Event "Oberliga Nord W 2223"]
[Site "Germany"]
[Date "2023.03.19"]
[Round "7.1"]
[White "Kardoeus, David"]
[Black "Kroeze, Frank"]
[Result "1-0"]
[WhiteElo "2162"]
[BlackElo "2388"]
[PlyCount "89"]
[EventDate "2022.10.23"]
[EventType "team-tourn"]
[EventRounds "9"]
[EventCountry "GER"]
[SourceTitle "EXT 2025"]
[Source "ChessBase"]
[SourceDate "2024.10.14"]
[SourceVersion "1"]
[SourceVersionDate "2024.10.14"]
[SourceQuality "1"]
[WhiteTeam "Werder Bremen III"]
[BlackTeam "Nordhorn Blanke"]
[WhiteTeamCountry "GER"]
[BlackTeamCountry "GER"]

1. d4 d5 2. c4 e6 3. Nf3 c5 4. cxd5 exd5 5. e3 Nf6 6. Be2 Nc6 7. 0-0 Bd6 8. b3 0-0 9. dxc5 Bxc5 10. Bb2 Re8 11. Nc3 a6 12. Rc1 Ba7 13. Na4 Ne4 14. Bxa6 Qd6 15. Bd3 Qh6 16. Nc3 Bb8 17. Nxd5 Rxa2 18. Rc2 Bg4 19. g3 Rxb2 20. Rxb2 Qh5 21. Be2 Rd8 22. Nd4 Bxe2 23. Qxe2 Qxd5 24. Qc4 Qe5 25. Nxc6 bxc6 26. Qe2 h5 27. Rc2 h4 28. Rd1 Re8 29. Qg4 hxg3 30. hxg3 c5 31. Qd7 Nxf2 32. Rxf2 Re7 33. Qc8+ Re8 34. Rd8 Qxg3+ 35. Kf1 Rxd8 36. Qxd8+ Kh7 37. Qd3+ Kg8 38. Qd8+ Kh7 39. Qd3+ Kg8 40. Qd7 f6 41. Qe8+ Kh7 42. Qh5+ Kg8 43. Rd2 Qc7 44. Qe8+ Kh7 45. Rd5 1-0

[Event "GER CupT"]
[Site "Germany"]
[Date "2023.01.28"]
[Round "1.1"]
[White "Hahn, Markus"]
[Black "Kroeze, Frank"]
[Result "0-1"]
[WhiteElo "2314"]
[BlackElo "2388"]
[PlyCount "92"]
[EventDate "2023.01.28"]
[EventType "team-k.o."]
[EventRounds "4"]
[EventCountry "GER"]
[SourceTitle "EXT 2024"]
[Source "ChessBase"]
[SourceDate "2023.10.10"]
[SourceVersion "1"]
[SourceVersionDate "2023.10.10"]
[SourceQuality "1"]
[WhiteTeam "Kassel Caissa"]
[BlackTeam "Nordhorn Blanke"]
[WhiteTeamCountry "GER"]
[BlackTeamCountry "GER"]

1. d4 d5 2. Nf3 c5 3. g3 cxd4 4. Bg2 Qa5+ 5. c3 dxc3 6. Nxc3 e6 7. 0-0 Nf6 8. a3 Be7 9. b4 Qd8 10. Qc2 a5 11. b5 Nbd7 12. Rd1 0-0 13. Bb2 Nb6 14. e4 Qc7 15. exd5 Nfxd5 16. Rac1 Nxc3 17. Qxc3 Qxc3 18. Rxc3 Na4 19. Rc2 Nxb2 20. Rxb2 Bxa3 21. Ra2 Be7 22. Ne5 Rd8 23. Rxd8+ Bxd8 24. Nc4 a4 25. Nd6 Be7 26. Nxc8 Rxc8 27. Rxa4 Rc1+ 28. Bf1 g5 29. Rc4 Rb1 30. Rc2 b6 31. Kg2 Kg7 32. Be2 Bc5 33. h3 Rb4 34. Ra2 h6 35. Rc2 f5 36. Ra2 Kf6 37. Rc2 h5 38. Bc4 e5 39. g4 fxg4 40. hxg4 h4 41. f3 e4 42. fxe4 Ke5 43. Bf1 Rb3 44. Kh2 Kf4 45. e5 Kxg4 46. Bh3+ Rxh3+ 0-1

[Event "Oberliga Nord W 2223"]
[Site "Germany"]
[Date "2022.11.27"]
[Round "2.1"]
[White "Pahl, Erik"]
[Black "Kroeze, Frank"]
[Result "1/2-1/2"]
[WhiteElo "2196"]
[BlackElo "2388"]
[PlyCount "68"]
[EventDate "2022.10.23"]
[EventType "team-tourn"]
[EventRounds "9"]
[EventCountry "GER"]
[SourceTitle "EXT 2025"]
[Source "ChessBase"]
[SourceDate "2024.10.14"]
[SourceVersion "1"]
[SourceVersionDate "2024.10.14"]
[SourceQuality "1"]
[WhiteTeam "Delmenhorst"]
[BlackTeam "Nordhorn Blanke"]
[WhiteTeamCountry "GER"]
[BlackTeamCountry "GER"]

1. e4 c6 2. d4 d5 3. e5 c5 4. dxc5 e6 5. Nf3 Bxc5 6. a3 f6 7. b4 Be7 8. Bb2 a5 9. b5 Nd7 10. c4 Nb6 11. Nbd2 fxe5 12. Nxe5 Nf6 13. Be2 0-0 14. 0-0 Nfd7 15. Ndf3 Bf6 16. Nxd7 Bxd7 17. Bxf6 Qxf6 18. c5 Nc8 19. Qd4 Ne7 20. Rfd1 Ng6 21. Qxf6 gxf6 22. Rac1 Rfc8 23. a4 Ne7 24. Nd4 e5 25. Nb3 Be6 26. Rd2 d4 27. Bc4 Bxc4 28. Rxc4 Nd5 29. Rdc2 Kf7 30. g3 Ke6 31. Kf1 Nb4 32. Rc1 Kd5 33. Ke2 Na2 34. R1c2 Nb4 1/2-1/2

[Event "Oberliga Nord W 2122"]
[Site "Germany"]
[Date "2022.04.03"]
[Round "8.1"]
[White "Riemay, David"]
[Black "Kroeze, Frank"]
[Result "0-1"]
[WhiteElo "2167"]
[BlackElo "2386"]
[PlyCount "50"]
[EventDate "2021.10.10"]
[EventType "team-tourn"]
[EventRounds "9"]
[EventCountry "GER"]
[SourceTitle "EXT 2023"]
[Source "ChessBase"]
[SourceDate "2022.10.05"]
[SourceVersion "1"]
[SourceVersionDate "2022.10.05"]
[SourceQuality "1"]
[WhiteTeam "Salzgitter"]
[BlackTeam "Nordhorn Blanke"]
[WhiteTeamCountry "GER"]
[BlackTeamCountry "GER"]

1. e4 c5 2. d4 cxd4 3. c3 dxc3 4. Nxc3 e6 5. Nf3 a6 6. Bc4 b5 7. Bb3 Bb7 8. 0-0 b4 9. Nd5 exd5 10. exd5 Bd6 11. Qd4 Qf6 12. Re1+ Ne7 13. Qe4 h6 14. Bc2 Kf8 15. Bb3 a5 16. Be3 a4 17. Bc4 Na6 18. Bd4 Qf5 19. Qe2 Nc7 20. Ne5 Ncxd5 21. Bxd5 Bxd5 22. Rad1 Kg8 23. Rd3 Bxe5 24. Qxe5 Qxe5 25. Rxe5 Be6 0-1

[Event "Oberliga Nord W 1920"]
[Site "Germany"]
[Date "2021.07.11"]
[Round "9.1"]
[White "Bode, Wilfried"]
[Black "Kroeze, Frank"]
[Result "1/2-1/2"]
[WhiteElo "2355"]
[BlackElo "2382"]
[PlyCount "162"]
[EventDate "2019.09.29"]
[EventType "team-tourn"]
[EventRounds "9"]
[EventCountry "GER"]
[SourceTitle "EXT 2023"]
[Source "ChessBase"]
[SourceDate "2022.10.05"]
[SourceVersion "1"]
[SourceVersionDate "2022.10.05"]
[SourceQuality "1"]
[WhiteTeam "Hameln"]
[BlackTeam "Nordhorn Blanke"]
[WhiteTeamCountry "GER"]
[BlackTeamCountry "GER"]

1. d4 d5 2. Nf3 c5 3. c4 dxc4 4. e4 cxd4 5. Qxd4 Qxd4 6. Nxd4 Bd7 7. Bxc4 Nc6 8. Be3 e6 9. Nd2 Bc5 10. Nxc6 Bxe3 11. Ne5 Bxd2+ 12. Kxd2 Nf6 13. Ke3 Ke7 14. Rac1 Rhc8 15. Be2 Rxc1 16. Rxc1 Rc8 17. Rxc8 Bxc8 18. Kd4 Ne8 19. f4 Nd6 20. Bd3 h6 21. Kc5 Bd7 22. Nxd7 Kxd7 23. e5 b6+ 24. Kd4 Nb7 25. b4 Nd8 26. Be4 f6 27. exf6 gxf6 28. g4 Nf7 29. h4 Kd6 30. Bc2 Ke7 31. Bd3 Kd6 32. Bg6 Nd8 33. a3 Ke7 34. Be4 Nf7 35. Bd3 Kd6 36. Bc4 Nd8 37. Ke4 Ke7 38. Bd3 Nf7 39. Kf3 Nd6 40. Ke3 Nf7 41. Kd4 Kd6 42. Bg6 Nd8 43. Be4 Nf7 44. Bg6 Nd8 45. Ke4 Ke7 46. g5 hxg5 47. hxg5 fxg5 48. fxg5 Nb7 49. Ke5 Nd6 50. Bd3 Nf7+ 51. Kf4 Nd6 52. Be2 a5 53. bxa5 bxa5 54. Bd3 Nb7 55. Ke5 Nd8 56. Kd4 Nb7 57. Bc2 Nd6 58. a4 Nf7 59. g6 Ng5 60. Kc5 e5 61. Kb6 e4 62. Kxa5 e3 63. Bd3 Ne6 64. Kb6 Nf4 65. Bf1 Nxg6 66. a5 Kd8 67. a6 Ne7 68. Kb7 Nc8 69. Kb8 Ne7 70. Be2 Nc6+ 71. Kb7 Kd7 72. Bf1 Kd6 73. Bb5 Kc5 74. Be2 Kd6 75. Kb6 Ne7 76. Bg4 Nc6 77. Be2 Ne7 78. Kb5 Nc8 79. Bg4 Kc7 80. Kc4 Kb6 81. Kd3 Kxa6 1/2-1/2

[Event "Oberliga Nord W 1920"]
[Site "Germany"]
[Date "2020.01.19"]
[Round "5.1"]
[White "Kroeze, Frank"]
[Black "Stelmaszyk, Nico"]
[Result "0-1"]
[WhiteElo "2389"]
[BlackElo "2190"]
[PlyCount "74"]
[EventDate "2019.09.29"]
[EventType "team-tourn"]
[EventRounds "9"]
[EventCountry "GER"]
[SourceTitle "CBM 195 Extra"]
[Source "ChessBase"]
[SourceDate "2020.05.31"]
[SourceVersion "1"]
[SourceVersionDate "2020.05.31"]
[SourceQuality "1"]

1. e4 c5 2. Nf3 e6 3. g3 Nc6 4. Bg2 Nge7 5. d3 g6 6. h4 h5 7. 0-0 Bg7 8. c3 d6 9. d4 cxd4 10. cxd4 Qb6 11. Nc3 Bd7 12. d5 exd5 13. exd5 Ne5 14. Nxe5 Bxe5 15. Ne4 0-0 16. Bg5 Nf5 17. Kh2 f6 18. Bd2 Bb5 19. Re1 Nxh4 20. Bh3 Bd3 21. Be3 Qb4 22. Be6+ Kh7 23. Qxd3 Nf3+ 24. Kg2 Nxe1+ 25. Rxe1 Qxe1 26. Bd2 Qd1 27. Qe3 g5 28. Qd3 Kg7 29. Qb5 Kh8 30. Qxb7 h4 31. Bf5 Qh5 32. g4 Qf7 33. Qc6 Rab8 34. b3 Qb7 35. Ba5 Qb5 36. Nd2 Qxa5 37. Qd7 Qxd5+ 0-1

[Event "Oberliga Nord W 1920"]
[Site "Germany"]
[Date "2019.09.29"]
[Round "1.1"]
[White "Kroeze, Frank"]
[Black "Lingnau, Carsten"]
[Result "1-0"]
[WhiteElo "2389"]
[BlackElo "2418"]
[PlyCount "67"]
[EventDate "2019.09.29"]
[EventType "team-tourn"]
[EventRounds "9"]
[EventCountry "GER"]
[SourceTitle "CBM 195 Extra"]
[Source "ChessBase"]
[SourceDate "2020.05.31"]
[SourceVersion "1"]
[SourceVersionDate "2020.05.31"]
[SourceQuality "1"]

1. e4 c6 2. Nf3 d5 3. Nc3 Bg4 4. h3 Bxf3 5. Qxf3 e6 6. g3 Nf6 7. Bg2 Bb4 8. e5 Nfd7 9. Qg4 Bf8 10. f4 c5 11. 0-0 h5 12. Qd1 Nc6 13. d3 Qb6 14. Ne2 0-0-0 15. c3 Ne7 16. Qc2 Nf5 17. Kh2 Nb8 18. a3 Nc6 19. b4 Qc7 20. c4 dxc4 21. Qxc4 g5 22. bxc5 Bg7 23. Rb1 h4 24. g4 Nfd4 25. Nc3 gxf4 26. Bxf4 Bxe5 27. Bxe5 Qxe5+ 28. Kh1 Rd7 29. Ne4 Rhd8 30. Nd6+ Rxd6 31. cxd6 Rd7 32. Rxb7 Rxb7 33. Bxc6 Rb6 34. Bd7+ 1-0

[Event "Oberliga Nord W 1819"]
[Site "Germany"]
[Date "2019.01.20"]
[Round "5.1"]
[White "Lingnau, Carsten"]
[Black "Kroeze, Frank"]
[Result "1/2-1/2"]
[WhiteElo "2423"]
[BlackElo "2370"]
[PlyCount "38"]
[EventDate "2018.10.21"]
[EventType "team-tourn"]
[EventRounds "9"]
[EventCountry "GER"]
[SourceTitle "EXT 2020"]
[Source "ChessBase"]
[SourceDate "2019.10.17"]
[SourceVersion "1"]
[SourceVersionDate "2019.10.17"]
[SourceQuality "1"]
[WhiteTeam "Hellern"]
[BlackTeam "Nordhorn Blanke"]
[WhiteTeamCountry "GER"]
[BlackTeamCountry "GER"]

1. d4 Nf6 2. c4 g6 3. g3 Bg7 4. Bg2 0-0 5. Nc3 d6 6. Nf3 Nbd7 7. 0-0 e5 8. e4 exd4 9. Nxd4 Re8 10. h3 Nc5 11. Re1 Bd7 12. Kh2 h5 13. Rb1 a5 14. Ndb5 Bc6 15. Qc2 h4 16. g4 g5 17. Kg1 Nfd7 18. Be3 Ne6 19. Ne2 Bxb5 1/2-1/2

[Event "Oberliga Nord W 1819"]
[Site "Germany"]
[Date "2018.10.21"]
[Round "1.1"]
[White "Kroeze, Frank"]
[Black "Bredemeier, Dirk"]
[Result "1-0"]
[WhiteElo "2370"]
[BlackElo "2294"]
[PlyCount "49"]
[EventDate "2018.10.21"]
[EventType "team-tourn"]
[EventRounds "9"]
[EventCountry "GER"]
[SourceTitle "EXT 2020"]
[Source "ChessBase"]
[SourceDate "2019.10.17"]
[SourceVersion "1"]
[SourceVersionDate "2019.10.17"]
[SourceQuality "1"]
[WhiteTeam "Nordhorn Blanke"]
[BlackTeam "Oldenburg Union"]
[WhiteTeamCountry "GER"]
[BlackTeamCountry "GER"]

1. d4 Nf6 2. c4 c5 3. d5 b5 4. cxb5 a6 5. e3 Bb7 6. Nc3 Qa5 7. Bd2 axb5 8. Bxb5 Qb6 9. Nf3 Nxd5 10. a4 e6 11. 0-0 Be7 12. e4 Nxc3 13. Bxc3 0-0 14. Re1 Qd8 15. Ne5 d5 16. exd5 exd5 17. Qh5 Ba6 18. Nc6 Nxc6 19. Bxc6 Ra7 20. Bxd5 Bf6 21. Be4 g6 22. Qxc5 Rc7 23. Bxf6 Rxc5 24. Bxd8 Rxd8 25. b4 1-0

[Event "Oberliga Nord W 1718"]
[Site "Germany"]
[Date "2017.11.12"]
[Round "3.1"]
[White "Kardoeus, David"]
[Black "Kroeze, Frank"]
[Result "0-1"]
[WhiteElo "2229"]
[BlackElo "2384"]
[PlyCount "74"]
[EventDate "2017.10.08"]
[EventType "team-tourn"]
[EventRounds "9"]
[EventCountry "GER"]
[SourceTitle "EXT 2019"]
[Source "ChessBase"]
[SourceDate "2018.10.10"]
[SourceVersion "1"]
[SourceVersionDate "2018.10.10"]
[SourceQuality "1"]
[WhiteTeam "Werder Bremen III"]
[BlackTeam "Nordhorn Blanke"]
[WhiteTeamCountry "GER"]
[BlackTeamCountry "GER"]

1. e4 c5 2. Nf3 e6 3. d4 cxd4 4. Nxd4 a6 5. Bd3 Nf6 6. c4 Qc7 7. Nc3 Nc6 8. Nxc6 dxc6 9. Be3 e5 10. f3 Nd7 11. Qd2 Bc5 12. a3 Qb6 13. Bg5 Bd4 14. b4 a5 15. c5 Qa7 16. Ke2 Nf8 17. Rhd1 Ne6 18. Bc4 0-0 19. Bxe6 Bxe6 20. Be3 Rad8 21. Kf2 Qb8 22. Bxd4 exd4 23. Ne2 d3 24. Nf4 Bb3 25. Re1 Bc2 26. e5 Rfe8 27. e6 fxe6 28. Nxe6 Rd7 29. Re4 Rde7 30. Rae1 axb4 31. Qxb4 d2 32. Qc4 dxe1Q+ 33. Rxe1 Kh8 34. Ng5 Bg6 35. Rxe7 Rxe7 36. Qh4 Qe5 37. Nf7+ Bxf7 0-1

[Event "Oberliga Nord W 1617"]
[Site "Germany"]
[Date "2017.05.07"]
[Round "9.1"]
[White "Petzold, Golo"]
[Black "Kroeze, Frank"]
[Result "0-1"]
[WhiteElo "2267"]
[BlackElo "2396"]
[PlyCount "110"]
[EventDate "2016.10.16"]
[EventType "team-tourn"]
[EventRounds "9"]
[EventCountry "GER"]
[SourceTitle "EXT 2018"]
[Source "ChessBase"]
[SourceDate "2017.10.13"]
[SourceVersion "1"]
[SourceVersionDate "2017.10.13"]
[SourceQuality "1"]
[WhiteTeam "Goettingen Tempo"]
[BlackTeam "Nordhorn Blanke"]
[WhiteTeamCountry "GER"]
[BlackTeamCountry "GER"]

1. d4 d5 2. Nf3 e6 3. c4 c6 4. e3 Nf6 5. Nc3 Nbd7 6. Bd3 b6 7. 0-0 Bb7 8. b3 Bb4 9. Bb2 0-0 10. Qe2 Rc8 11. Rac1 Re8 12. Rfd1 Qe7 13. h3 Ba3 14. Bxa3 Qxa3 15. Nb1 Qe7 16. cxd5 exd5 17. Ba6 Bxa6 18. Qxa6 Rc7 19. Rc2 Ne4 20. Nc3 Ndf6 21. Qe2 Nxc3 22. Rxc3 Ne4 23. Rc2 Qd6 24. Ne5 c5 25. Nf3 c4 26. Nd2 b5 27. Nxe4 Rxe4 28. bxc4 bxc4 29. Rb1 g6 30. Qd2 Ree7 31. Qb4 Qe6 32. Rcb2 Kg7 33. Qa5 Qe4 34. Qc3 h5 35. Qc2 Qe6 36. Rb5 g5 37. e4 Qxe4 38. Qxe4 Rxe4 39. Rxd5 f6 40. Rc1 c3 41. Rc5 Rxc5 42. dxc5 Rc4 43. Kf1 Rxc5 44. Ke2 Ra5 45. Rc2 Kg6 46. Kd3 Ra3 47. Ke4 h4 48. Re2 f5+ 49. Kd4 g4 50. Ke5 Kg5 51. Rc2 Ra5+ 52. Kd4 gxh3 53. gxh3 Kf4 54. Kc4 Ra6 55. Kd4 Rd6+ 0-1

[Event "Oberliga Nord W 1617"]
[Site "Germany"]
[Date "2017.02.05"]
[Round "5.2"]
[White "Kroeze, Frank"]
[Black "Hummel, Dirk"]
[Result "1/2-1/2"]
[WhiteElo "2396"]
[BlackElo "2276"]
[PlyCount "36"]
[EventDate "2016.10.16"]
[EventType "team-tourn"]
[EventRounds "9"]
[EventCountry "GER"]
[SourceTitle "EXT 2018"]
[Source "ChessBase"]
[SourceDate "2017.10.13"]
[SourceVersion "1"]
[SourceVersionDate "2017.10.13"]
[SourceQuality "1"]
[WhiteTeam "Nordhorn Blanke"]
[BlackTeam "Hellern"]
[WhiteTeamCountry "GER"]
[BlackTeamCountry "GER"]

1. e4 e5 2. Nf3 Nc6 3. Bb5 a6 4. Bxc6 dxc6 5. 0-0 Ne7 6. Nxe5 Qd4 7. Qh5 g6 8. Qg5 Bg7 9. Nd3 b6 10. Nc3 Bb7 11. Nf4 h6 12. Qg3 0-0-0 13. d3 c5 14. Be3 Qd7 15. Rad1 Bxc3 16. bxc3 Bxe4 17. f3 Bb7 18. Qf2 Nf5 1/2-1/2

[Event "Oberliga Nord W 1617"]
[Site "Germany"]
[Date "2016.10.16"]
[Round "1.2"]
[White "Borik, Otto"]
[Black "Kroeze, Frank"]
[Result "1/2-1/2"]
[WhiteElo "2378"]
[BlackElo "2396"]
[PlyCount "39"]
[EventDate "2016.10.16"]
[EventType "team-tourn"]
[EventRounds "9"]
[EventCountry "GER"]
[SourceTitle "EXT 2018"]
[Source "ChessBase"]
[SourceDate "2017.10.13"]
[SourceVersion "1"]
[SourceVersionDate "2017.10.13"]
[SourceQuality "1"]
[WhiteTeam "Bremer SG"]
[BlackTeam "Nordhorn Blanke"]
[WhiteTeamCountry "GER"]
[BlackTeamCountry "GER"]

1. Nf3 d5 2. c4 d4 3. d3 Nc6 4. g3 e5 5. Bg2 Bb4+ 6. Nbd2 a5 7. 0-0 Nf6 8. Ne1 0-0 9. Nc2 Be7 10. a3 Nd7 11. b3 Nc5 12. Rb1 Bg4 13. Ne4 Na6 14. f4 exf4 15. Bxf4 f5 16. Nf2 Bh5 17. b4 axb4 18. axb4 Naxb4 19. Nxb4 Nxb4 20. Bxb7 1/2-1/2

[Event "GER CupT prel5"]
[Site "Kamen"]
[Date "2016.01.23"]
[Round "1.1"]
[White "Kroeze, Frank"]
[Black "Hammes, Michael"]
[Result "1/2-1/2"]
[WhiteElo "2315"]
[BlackElo "2317"]
[PlyCount "103"]
[EventDate "2016.01.23"]
[EventType "team-k.o."]
[EventRounds "2"]
[EventCountry "GER"]
[SourceTitle "EXT 2017"]
[Source "ChessBase"]
[SourceDate "2016.10.25"]
[SourceVersion "1"]
[SourceVersionDate "2016.10.25"]
[SourceQuality "1"]
[WhiteTeam "Nordhorn Blanke"]
[BlackTeam "Koblenz 25"]
[WhiteTeamCountry "GER"]
[BlackTeamCountry "GER"]

1. e4 e6 2. d4 d5 3. Nd2 a6 4. Bd3 c5 5. dxc5 Bxc5 6. Ngf3 Nc6 7. c3 Nge7 8. 0-0 0-0 9. Re1 Ba7 10. Qe2 Ng6 11. Nb3 Qc7 12. g3 Bd7 13. Be3 Rae8 14. Bxa7 Nxa7 15. exd5 exd5 16. Qd2 Bg4 17. Nbd4 Nc6 18. Bf1 Qd7 19. Bg2 Na5 20. b3 Nc6 21. Nxc6 bxc6 22. Qd4 Qf5 23. Nd2 Bh3 24. Bxh3 Qxh3 25. Nf3 Qf5 26. Kg2 Re6 27. Rad1 h6 28. h3 Rfe8 29. c4 Rxe1 30. Rxe1 Rxe1 31. Nxe1 Qb1 32. Nd3 dxc4 33. Qxc4 Qxa2 34. Nb4 Qb2 35. Nxc6 Ne5 36. Ne7+ Kf8 37. Qc5 Nd3 38. Ng6+ Kg8 39. Qf8+ Kh7 40. Qxf7 Qxf2+ 41. Qxf2 Nxf2 42. Kxf2 Kxg6 43. Ke3 Kf5 44. Kd4 h5 45. b4 g5 46. Kc5 h4 47. gxh4 gxh4 48. Kb6 Kf4 49. Kxa6 Kg3 50. b5 Kxh3 51. b6 Kg2 52. b7 1/2-1/2

[Event "Oberliga Nord W 1516"]
[Site "Germany"]
[Date "2015.10.11"]
[Round "2.1"]
[White "Kroeze, Frank"]
[Black "Buchenau, Frank"]
[Result "1-0"]
[WhiteElo "2381"]
[BlackElo "2274"]
[PlyCount "135"]
[EventDate "2015.09.20"]
[EventType "team-tourn"]
[EventRounds "9"]
[EventCountry "GER"]
[SourceTitle "CBM 170 Extra"]
[Source "ChessBase"]
[SourceDate "2016.02.25"]
[SourceVersion "1"]
[SourceVersionDate "2016.02.25"]
[SourceQuality "1"]
[WhiteTeam "Nordhorn Blanke"]
[BlackTeam "Lister Turm"]
[WhiteTeamCountry "GER"]
[BlackTeamCountry "GER"]

1. e4 e6 2. d4 d5 3. Nd2 Nf6 4. e5 Nfd7 5. c3 c5 6. Bd3 b6 7. Nh3 Ba6 8. Bxa6 Nxa6 9. 0-0 Be7 10. Qg4 g6 11. Nf3 h6 12. Nf4 Nc7 13. a4 c4 14. h4 a6 15. Qh3 h5 16. Ne2 Nb8 17. Bg5 Nc6 18. Nf4 Bxg5 19. Nxg5 Qd7 20. Qf3 0-0-0 21. Ne2 Rdf8 22. Nc1 Na5 23. Qd1 Kb7 24. b4 Nc6 25. Ne2 Ne8 26. Nf4 Ng7 27. g3 Nf5 28. Re1 Ra8 29. Re2 Rac8 30. Rb2 Nb8 31. Qf3 Ka7 32. Ng2 Rcf8 33. Ne3 Qe7 34. Re2 Qd7 35. Nh3 Rfg8 36. Nf4 Ne7 37. Nh3 Nf5 38. Qf4 Rf8 39. Ng2 Qd8 40. Raa2 Nd7 41. Qc1 Qe7 42. Ne3 Kb7 43. Re1 Ka7 44. Nf4 Nxe3 45. Qxe3 Rd8 46. Nh3 Nf8 47. Qf4 Nh7 48. Kg2 Rdg8 49. Ng5 Nxg5 50. hxg5 Kb7 51. Raa1 Rc8 52. Rh1 Rhd8 53. a5 b5 54. Rh4 Rd7 55. Rah1 Rg8 56. g4 hxg4 57. Rh7 Rc7 58. Kg3 Kc8 59. Kxg4 Kd8 60. Rh8 Re8 61. Rxe8+ Qxe8 62. Qf6+ Kd7 63. Rh8 Qxh8 64. Qxh8 Rc8 65. Qg7 Ke7 66. Qf6+ Ke8 67. Kg3 Rd8 68. f4 1-0